000 00516nam a2200205Ia 4500
005 20250425161046.0
008 250425s9999 xx 000 0 und d
041 _aeng
082 _a621
100 _aCHEN, CHIH-FAN
245 0 _aELEMENTS OF CONTROL SYSTEMS ANALYSIS: CLASSICAL AND MODERN APPROACHES
250 _a1ST ED.
260 _aIndia
_bPRENTICE HALL
_c1969
260 _aNEW DELHI
300 _a471
650 _aSISTEMAS DE CONTROL
700 _aHAAS, I. JOHN
942 _c01
010 _a11593
999 _c201592
_d201592